| 000 | 00416nam a2200169Ia 4500 | ||
|---|---|---|---|
| 005 | 20250603145926.0 | ||
| 008 | 250603s9999 xx 000 0 und d | ||
| 020 | _a9781597841436 | ||
| 050 | _aBP 134 .G6 .K6713/ | ||
| 245 | 4 | _aThe reminders : essential wisdom from the Holy Qur'an | |
| 260 | _aNew Jersey | ||
| 260 | _bTughra Books | ||
| 260 | _c2008 | ||
| 300 | _a56 p | ||
| 650 | _aNew Jersey | ||
| 942 | _cBK | ||
| 999 |
_c43262 _d43262 |
||